Quizzes
Events
Quiz Creation
Community
Videos
Private Events
Remove Ads
Sign In
Join for FREE
Feedback
Dark Mode
Quiz Categories
Sports
Geography
Music
Movies
Television
Just For Fun
Miscellaneous
History
Literature
Language
Science
Gaming
Entertainment
Religion
Holiday
For Kids
Quiz Lab
Recent
Popular Today
Quiz Kudos Today
Editor Picks
Curator Picks
Quizzes by...
Day
Popularity
Type
Ratings
Length
Year
Community
Subscriptions
Recent Discussions
Orange Saloon
Badges
Playlists
Quests
Create
Leaderboards
Showdown
Live 5
Trivia Bingo
Activity
Puzzle Library
Sporcle Events
Private Events
Virtual Trivia
Globe League
Become a Host
Pub Owners
SporcleCon
Opinionation
Our Games
Videos
Blog
Mobile Apps
Partnerships
Remove Ads and Go Orange
Feedback
Miscellaneous
Crossword
General Knowledge
Baby Names
Logo
Food
Cars
Numbers
Grab Bag
University
College
Popular
Company
Slogans
Restaurants
Justice
Letter
Miscellaneous
Crossword
General Knowledge
Baby Names
Logo
Food
Cars
Numbers
Grab Bag
University
College
Popular
Company
Slogans
Restaurants
Justice
Letter
Random Quiz
Search Sporcle
×
Quiz Lab
Quiz Lab
Miscellaneous
Company
Type in answers that appear in a list
Type in answers that appear in a list
Classic
Best Score? Go Orange.
Most Valuable Brands 2012 Stats
Can you name the most valuable brands 2012?
By
Fuchsi
15m
100 Questions
123 Plays
123 Plays
123 Plays
Comments
Comments
Give Quiz Kudos
Give Quiz Kudos
-
- Ratings
hide this ad
More Info
Replay
Link that replays current quiz
Next Quiz
Link to next quiz in quiz playlist
You Got
0%
They Got
Avg Score
28%
Avg Friend Score
Upgrade to see
Score Distribution
Jump to the score distribution portion of the page
Score
0/100
Timer
15:00
0
Plays Today
Category
Brand
% Correct
Technology
Apple Inc.
90.9%
Fast Food
McDonald's Corp.
86.8%
Technology
Microsoft Corp.
86%
Soft Drinks
Coca-Cola Co
85.1%
Technology
Google Inc.
76%
Cars
Toyota Motor Corp.
71.9%
Oil & Gas
BP plc
66.1%
Retail
Wal-Mart Stores Inc.
64.5%
Soft Drinks
Pepsi / PepsiCo Inc.
62.8%
Tobacco
Marlboro / Philip Morris International Inc.
61.2%
Cars
Honda Motor Co Ltd
60.3%
Telecoms
Verizon Communications Inc.
57.9%
Cars
Bayrische Motorenwerke AG
57.9%
Technology
IBM Corp.
56.2%
Technology
Facebook Inc.
55.4%
Fast Food
Starbucks Corp.
53.7%
Technology
Sony Corp.
52.1%
Conglomerate
General Electric Corp.
51.2%
Oil & Gas
ExxonMobil Corp.
51.2%
Technology
Samsung Group
51.2%
Cars
Volkswagen AG
50.4%
Oil & Gas
Royal Dutch Shell plc
48.8%
Telecoms
AT&T Inc.
47.9%
Beer
Budweiser Budvar
47.9%
Cars
Mercedes Benz / Daimler AG
47.1%
Retail
Target Corp.
44.6%
Logistics
FedEx Corp.
43.8%
Logistics
United Parcel Service Corp.
43%
Apparel
Nike Inc.
41.3%
Fast Food
Subway
40.5%
Fast Food
Kentucky Fried Chicken Corp.
40.5%
Telecoms
Deutsche Telekom AG
38.8%
Cars
Nissan Motor Co Ltd
38.8%
Entertainment
The Walt-Disney Company Corp.
38%
Category
Brand
% Correct
Technology
Hewlett-Packard Co
37.2%
Telecoms
Vodafone Company Plc.
33.9%
Retail
amazon.com Inc.
32.2%
Baby Care
Pampers / Procter & Gamble Corp.
32.2%
Financial
Chase Manhattan Bank / JPMorgan Chase & Co
32.2%
Luxury
Louis Vuitton / LVMH Moet Hennessy - Louis Vuitton S.A.
28.9%
Retail
eBay Inc.
28.9%
Financial
Wells Fargo Corp.
28.1%
Retail
IKEA / INGKA Holding B.V.
28.1%
Oil & Gas
Chevron Corp.
28.1%
Financial
HSBC Holdings plc.
26.4%
Technology
Intel Corp.
25.6%
Financial
Citigroup Inc.
24.8%
Personal Care
L'Oréal S.A.
22.3%
Telecoms
o2 / Telefónica Germany GmbH & Co oHG
22.3%
Apparel
Hennes & Mauritz AB
20.7%
Personal Care
Gillette Co
19.8%
Technology
Cisco Systems Inc.
19%
Logistics
DHL International GmbH / Deutsche Post AG
19%
Technology
Oracle Corp.
18.2%
Apparel
Zara / Inditex S.A.
18.2%
Telecoms
Orange S.A.
17.4%
Telecoms
China Mobile Ltd.
16.5%
Financial
VISA International Service Association Corp.
15.7%
Financial
MasterCard International
15.7%
Luxury
Hermès
15.7%
Retail
Tesco plc.
15.7%
Financial
Bank of China Ltd
15.7%
Retail
The Home Depot Inc.
15.7%
Financial
American Express Co
14.9%
Technology
Siemens AG
14.9%
Soft Drinks
Red Bull GmbH
14.9%
Financial
Banco Santander S.A.
14.9%
Insurance
State Farm Mutual Insurance Company
14.9%
Category
Brand
% Correct
Telecoms
Movistar / Telefónica SA
14%
Oil & Gas
Petróleo Brasileiro S.A.
13.2%
Financial
Agricultural Bank of China
12.4%
Personal Care
Colgate / Colgate-Palmolive Co
11.6%
Technology
SAP AG
10.7%
Retail
Carrefour S.A.
10.7%
Retail
Aldi Einkauf GmbH & Co oHG
9.9%
Financial
Industrial and Commercial Bank of China Ltd.
7.4%
Financial
Royal Bank of Canada
7.4%
Oil & Gas
Sinopec
7.4%
Financial
Toronto-Dominion Bank
6.6%
Financial
U.S. Bancorp
6.6%
Oil & Gas
PetroChina
5.8%
Telecoms
China Telecom Ltd
5%
Technology
Baidu
4.1%
Insurance
Ping An Insurance Ltd
4.1%
Financial
China Construction Bank
3.3%
Technology
Accenture plc
3.3%
Telecoms
KK NTT DoCoMo
3.3%
Financial
Standard Chartered Bank plc
3.3%
Financial
Scotiabank
3.3%
Technology
Tencent Holdings Ltd.
2.5%
Financial
ICICI Bank Ltd
1.7%
Financial
Sberbank OAO
1.7%
Telecoms
Telecom Italia S.p.A.
1.7%
Telecoms
Mobile TeleSystems OAO
1.7%
Telecoms
Telcel / Grupo Carso S.A. de C.V.
1.7%
Financial
Commonwealth Bank of Australia Ltd
0.8%
Telecoms
Airtel / Bharti Airtel Ltd
0.8%
Insurance
China Life Insurance Co Ltd
0%
Alcohol
Maotai / Kweichow Moutai
0%
Telecoms
Mobile Technology Networks
0%
Quiz Playlist
Details
Report
Send in Message
Add To Playlist
More Info:
Can you name the most valuable brands according to BrandZ Top 100 2012 by Millward Brown?
Classic:
Type in answers that appear in a list
Quiz Source
Last Updated: Feb 16, 2017
Quiz Scoreboard
CHALLENGE
Sign Up to Join the Scoreboard
Show All
Scores
Hide
Comments
May contain spoilers
Recently Published
Alphabetical 'K' Countries by Flag Minefield
by ylime102
Geography
3m
Pick 6: Fruits
by JohnFran
Miscellaneous
15s
Click the 1999 NBA Draft
by nibperrychub
Sports
2m
More to Explore
Quiz From the Vault
Featured Blog Post
15 Basketball Trivia Facts You Can Be March Mad About
hide this ad
You Might Also Like...
Tags
Company Quiz
100
2012
brand
Brand Names
Brands Chain
corporate
Corporate Title
corporation
Top 100
Valuable
Today's Top Quizzes in Miscellaneous
Browse Miscellaneous
hide this ad
Today's Top Quizzes in Company
Browse Company
Top Contributed Quizzes in Miscellaneous
1
Spring Months consonants
2
Pick 6: Vegetables
3
Pick 6: Supreme Pizza
4
Four Seasons
5
Guess the 'S' Things in 3 Words
6
Pick 6: University Mascots
7
The JOE quick-fire general knowledge quiz: Day 166
8
Sporcle Acrostic Puzzle XXXV
9
Guess the 'T' Things in 3 Words
10
Guess the 'V' Things in 3 Words
Explore More
Trending Topics
Kpop
NBA
Disney
Harry Potter
Crossword
Anime
Marvel
Soccer
Puzzle
NFL
WWE
Country
Song
The Office
Pokémon
hide this ad
More By:
Fuchsi
Quiz
Plays
Rating
Category
Featured
Created
Top 100 Unternehmen Deutschland
2,408
5.00
Miscellaneous
May 2, 2011
Bundeskanzler of Germany
2,020
5.00
History
Jun 20, 2010
200 World largest cities
347
1.88
Geography
May 14, 2011
World's Biggest Companies 2013
285
4.67
Miscellaneous
May 12, 2013
Movie Quotes (German)
196
3.75
Movies
Jun 2, 2011
Go to Creator's Profile
Score Distribution
Quiz Creator Spotlight
Fuchsi
Follow
Send a Message
Quizzes Created
-
Created Quiz Play Count
-
More By This Creator
Popular Quizzes Today
1
Find the US States - No Outlines Minefield
2
Countries of Asia Without Outlines Minefield
3
Pick 6: Fruits
4
The Countries of the World
5
Alphabetical 'K' Countries by Flag Minefield
6
Click the 1999 NBA Draft
7
Find the US States
8
Match the Book to the Film X
More Miscellaneous Quizzes
Compass Point Countries
Editor's Pick
Trending Quizzes
Pick 6: Harry Potter
Pick 6: Mountains
Pick 6: NFL Teams
Pick 6: Movie Franchises
Pick 6: Golfers
Recently Updated
Women's Final Four Teams by Year
bhenderson79
Presidents Quartet II
eogle
Anything But Clue(do)
eogle
Anything But Oceanian Capitals
eogle
Anything But 7
eogle
Anything But Thing
eogle
Word Ladder: February 29
pecheneg
Song Title Questions
pecheneg
Women's NCAA Tournament #1 Seeds
pecheneg
Celebrity Mug Shots
pecheneg
Trending Topics
Harry Potter
Crossword
Anime
Disney
Marvel
NBA
Kpop
WWE
Song
Pokémon
Puzzle
Soccer
NFL
The Office
Country
Your Account Isn't Verified!
In order to create a playlist on Sporcle, you need to verify the email address you used during registration. Go to your
Sporcle Settings
to finish the process.
Report this User
Report this user for behavior that violates our
Community Guidelines
.
Details:
Send Report
Go to the Sporcle.com Mobile Site →
Comments